বাক্-ধাৰা বিশ্লেষণৰ আধাৰত য়েছে দৰজে ঠংচিৰ উপন্যাসৰ কথোপকথন বিশ্লেষণ : (Record no. 67701)
[ view plain ]
| 000 -LEADER | |
|---|---|
| fixed length control field | 01041nam a22002297a 4500 |
| 005 - DATE AND TIME OF LATEST TRANSACTION | |
| control field | 20260325135311.0 |
| 008 - FIXED-LENGTH DATA ELEMENTS--GENERAL INFORMATION | |
| fixed length control field | 260107b |||||||| |||| 00| 0 eng d |
| 041 ## - LANGUAGE CODE | |
| Language code of text/sound track or separate title | asm |
| 082 ## - DEWEY DECIMAL CLASSIFICATION NUMBER | |
| Classification number | 891.45 |
| Item number | PHU |
| 100 ## - MAIN ENTRY--AUTHOR NAME | |
| Scholar | Phukan, Anandita. |
| 242 ## - TRANSLATION OF TITLE | |
| Translated Title | Discourse analysis of Yeshe Dorjee Thongchis novels : a conversion analysis of six selected works |
| 245 ## - TITLE STATEMENT | |
| Title | বাক্-ধাৰা বিশ্লেষণৰ আধাৰত য়েছে দৰজে ঠংচিৰ উপন্যাসৰ কথোপকথন বিশ্লেষণ : |
| Remainder of title | ছখন নির্বাচিত উপন্যাসৰ আধাৰত |
| 260 ## - PUBLICATION, DISTRIBUTION, ETC. (IMPRINT) | |
| Year of publication | 2025. |
| Department | Assamese |
| 300 ## - PHYSICAL DESCRIPTION | |
| Number of Pages | 204p. |
| 650 ## - SUBJECT ADDED ENTRY--TOPICAL TERM | |
| Topical Term | Assamese literature |
| 650 ## - SUBJECT ADDED ENTRY--TOPICAL TERM | |
| Topical Term | Assamese fiction |
| 650 ## - SUBJECT ADDED ENTRY--TOPICAL TERM | |
| Topical Term | Literary Reviews |
| 700 ## - ADDED ENTRY--Guide | |
| Guide | Goswami, Dipanjali Das. |
| 856 ## - ELECTRONIC LOCATION AND ACCESS | |
| Uniform Resource Identifier | <a href="https://shodhganga.inflibnet.ac.in/handle/10603/673718">https://shodhganga.inflibnet.ac.in/handle/10603/673718</a> |
| 942 ## - ADDED ENTRY ELEMENTS (KOHA) | |
| Koha item type | Thesis |
| Home library | Current library | Shelving location | Date acquired | Full call number | Accession Number | Koha item type |
|---|---|---|---|---|---|---|
| Dr. Suryya Kumar Bhuyan Library | Dr. Suryya Kumar Bhuyan Library | Thesis Section | 07/01/2026 | 891.45/PHU | PHD138 | Thesis |
